Ecological Consequences of Climate change : (Record no. 7995)

MARC details
000 -LEADER
fixed length control field 00650nam a22002057a 4500
003 - CONTROL NUMBER IDENTIFIER
control field OSt
005 - DATE AND TIME OF LATEST TRANSACTION
control field 20240926114800.0
008 - FIXED-LENGTH DATA ELEMENTS--GENERAL INFORMATION
fixed length control field 220822b ||||| |||| 00| 0 eng d
020 ## - INTERNATIONAL STANDARD BOOK NUMBER
International Standard Book Number 9781420087208
040 ## - CATALOGING SOURCE
Transcribing agency ddc
082 ## - DEWEY DECIMAL CLASSIFICATION NUMBER
Classification number 577 ECO 2017
100 ## - MAIN ENTRY--PERSONAL NAME
Personal name Edited by Erik Alan Beever : Jerrold L. Belant.
9 (RLIN) 16226
245 ## - TITLE STATEMENT
Title Ecological Consequences of Climate change :
Remainder of title mechanisms, conservation, and management.
260 ## - PUBLICATION, DISTRIBUTION, ETC. (IMPRINT)
Place of publication, distribution, etc. Boca Raton;
Name of publisher, distributor, etc. CRC Press,
Date of publication, distribution, etc. ©2017
300 ## - PHYSICAL DESCRIPTION
Extent xix, 314 pages :
Other physical details ill:
Dimensions 25 cm
504 ## - BIBLIOGRAPHY, ETC. NOTE
Bibliography, etc References, & index included
650 ## - SUBJECT ADDED ENTRY--TOPICAL TERM
Topical term or geographic name as entry element Ecology
9 (RLIN) 16227
650 ## - SUBJECT ADDED ENTRY--TOPICAL TERM
Topical term or geographic name as entry element Climatic changes.
9 (RLIN) 16228
942 ## - ADDED ENTRY ELEMENTS (KOHA)
Source of classification or shelving scheme Dewey Decimal Classification
Koha item type Open Shelf
Holdings
Withdrawn status Lost status Source of classification or shelving scheme Damaged status Not for loan Home library Current library Date acquired Source of acquisition Inventory number Total Checkouts Full call number Barcode Date last seen Koha item type
    Dewey Decimal Classification     MUST Main Library MUST Main Library 22/08/2022 Purchase 22/41986   577 ECO 2017 2022-7930 22/08/2022 Open Shelf
    Dewey Decimal Classification     MUST Main Library MUST Main Library 26/09/2024 Purchase 24/42238   577 ECO 2017 2024-22426 26/09/2024 Open Shelf
    Dewey Decimal Classification     MUST Main Library MUST Main Library 26/09/2024 Purchase 24/42239   577 ECO 2017 2024-22427 26/09/2024 Open Shelf